Mot par définition lettre B - Statistiques

Statistiques générales
  • Ce quiz a été pris 239 fois
  • Le résultat moyen est 5 sur 15
Statistiques - réponses
Définition Réponse % Correct
Malfaiteur dangereux, hors la loi Bandit
77%
Mouton non castré Bélier
67%
Document qui précise l'actif et le passif d'une entreprise à une date donnée Bilan
64%
Gros pinceau pour se savonner la barbe avant de se raser Blaireau
53%
Vendre à vil prix Brader
46%
Lancer des projectiles en grand nombre sur Bombarder
43%
Tranche de pain grillé frotté d'ail et recouvert d'huile d'olive, d'anchois, de pesto etc Bruschetta
36%
Méthode d'élevage industriel en cages ou en box Batterie
35%
Etre humain qui se livre à ses instincts Bête
27%
Petit baiser Bécot
24%
Douleur physique Bobo
20%
Gâteau feuilleté très sucré, au miel et aux amandes Baklava
17%
Limite fixée à l'avance Butoir
16%
Qui est d'une bouffonnerie outrée, plaisant par sa bizarrerie Burlesque
5%
Association des clercs du parlement, au Moyen-Age Basoche
0%
Aucun quiz correspondant
Distribution des résultats
% des personnes avec chaque résultat
Percentile par nombre de réponses
Votre historique - résultats
Vous n’avez pas pris ce quiz